000 00629cab a2200229 4500
001 WB2836-48
008 090401t1992 xxu||||| |||| 00| 0 eng d
035 _a(Sirsi) u12722
041 _aeng
245 _aGypsies and travellers
260 _c1992
350 _a0
490 _aEstates Gazette
_v(9236) 12 September 1992, 47(1)
520 _aReview of a consultation paper "Reform of the Caravan Sites Act 1968".
650 _aCARAVAN SITES ACT 1968
650 _aCARAVAN SITES
650 _aCONSULTATION PAPERS
650 _aGYPSY SITES
690 _aPLANNING LAW AND PRACTICE
942 _n0
948 _c04/03/1997
999 _c8145
_d8145